<?xml version="1.0" encoding="UTF-8"?>
<record
    xmlns:xsi="http://www.w3.org/2001/XMLSchema-instance"
    xsi:schemaLocation="http://www.loc.gov/MARC21/slim http://www.loc.gov/standards/marcxml/schema/MARC21slim.xsd"
    xmlns="http://www.loc.gov/MARC21/slim">

  <leader>01136    a2200157   4500</leader>
  <controlfield tag="003">Nust</controlfield>
  <controlfield tag="005">20230125101632.0</controlfield>
  <datafield tag="040" ind1=" " ind2=" ">
    <subfield code="c">Nust</subfield>
  </datafield>
  <datafield tag="082" ind1=" " ind2=" ">
    <subfield code="a">891.733,CHE</subfield>
  </datafield>
  <datafield tag="245" ind1=" " ind2=" ">
    <subfield code="a">Anton Chekhovs Short Stories /</subfield>
    <subfield code="c">Ralph E. Matlaw</subfield>
  </datafield>
  <datafield tag="260" ind1=" " ind2=" ">
    <subfield code="a">London</subfield>
    <subfield code="b">Norton Cop</subfield>
    <subfield code="c">1979</subfield>
  </datafield>
  <datafield tag="300" ind1=" " ind2=" ">
    <subfield code="a">xi,369,p.;</subfield>
  </datafield>
  <datafield tag="505" ind1=" " ind2=" ">
    <subfield code="a">Chameleon (Page-1), Oysters (Page-2), A Living Chronology (Page-6), The Huntsman (Page-8), Misery (Page-11), The Requiem (Page-15), Anyuta (Page-20), Agatha (Page-20) Agatha (Page-23), Grisha (Page-31), A Gentleman Friend (Page-34), The Chorus Girl (Page-37), Dreams (Page-37), Vanka (Page-49), The Siren Song (Page-60), Sleepy (Page-64), The Grasshopper (Page-69), The Student (Page-106), Whitebrow (Page-128), Anna on the Neck (Page-133), The House with the Mansard (Page-143), A journey by Cart (Page-167), Gooseberries (Page-185), A Doctor&#x2019;s Visit (Page-202), The Darling (Page-211), The Lady with the Dog (Page-221), The Bishop (Pge-235), The Betrothed (Page-247), Selection from Chekhov Letters (Page-267), Maxim Gorky (Page-276), Criticism D. S. Mirsky( Page-291).  </subfield>
  </datafield>
  <datafield tag="650" ind1=" " ind2=" ">
    <subfield code="a">Short Stories</subfield>
    <subfield code="9">1396</subfield>
  </datafield>
  <datafield tag="942" ind1=" " ind2=" ">
    <subfield code="2">ddc</subfield>
    <subfield code="c">BK</subfield>
  </datafield>
  <datafield tag="999" ind1=" " ind2=" ">
    <subfield code="c">187338</subfield>
    <subfield code="d">187338</subfield>
  </datafield>
  <datafield tag="952" ind1=" " ind2=" ">
    <subfield code="0">0</subfield>
    <subfield code="1">0</subfield>
    <subfield code="2">ddc</subfield>
    <subfield code="4">0</subfield>
    <subfield code="7">0</subfield>
    <subfield code="a">MCS</subfield>
    <subfield code="b">MCS</subfield>
    <subfield code="c">GEN</subfield>
    <subfield code="d">2016-12-12</subfield>
    <subfield code="o">891.733,CHE</subfield>
    <subfield code="p">MCS31583</subfield>
    <subfield code="r">2016-12-08</subfield>
    <subfield code="w">2016-12-12</subfield>
    <subfield code="y">BK</subfield>
    <subfield code="z">Almirah No.58, Shelf No.2</subfield>
  </datafield>
</record>
